[Event "POL-chT DMP Ekstraliga 2019"]
[Site "Katowice"]
[Date "2019.09.02"]
[Round "6.22"]
[White "Sadzikowski, Daniel"]
[Black "Michalik, Peter"]
[Result "0-1"]
[WhiteElo "2502"]
[BlackElo "2573"]
[Annotator "ChessBase"]
[PlyCount "86"]
[EventDate "2019.08.28"]
[EventType "team-tourn"]
[EventCountry "POL"]
[SourceTitle "playchess.com"]
[Source "ChessBase"]
[SourceQuality "1"]
[TimeControl "40/5400+30:1800+30"]

1. d4 {[%emt 0:00:00]} d5 {[%emt 0:00:04]} 2. c4 {[%emt 0:00:00]} c6 {[%emt 0:00:05]} 3. Nf3 {[%emt 0:00:23]} Nf6 {[%emt 0:00:08]} 4. e3 {[%emt 0:00:09]} Bg4 {[%emt 0:00:21]} 5. Qb3 {[%emt 0:00:43]} Qb6 {[%emt 0:00:30]} 6. Ne5 {[%emt 0:00:06]} Bh5 {[%emt 0:00:58]} 7. Qxb6 {[%emt 0:29:36]} axb6 {[%emt 0:00:07]} 8. cxd5 {[%emt 0:00:09]} Nxd5 {[%emt 0:00:07]} 9. g4 {[%emt 0:00:06]} Bg6 {[%emt 0:00:23]} 10. Nxg6 {[%emt 0:00:43]} hxg6 {[%emt 0:00:08]} 11. Nc3 {[%emt 0:00:16]} e6 {[%emt 0:00:56]} 12. Bd2 {[%emt 0:03:14]} Nd7 {[%emt 0:00:14]} 13. Nxd5 {[%emt 0:17:45]} exd5 {[%emt 0:05:58]} 14. Bd3 {[%emt 0:02:34]} b5 {[%emt 0:01:32]} 15. Ke2 {[%emt 0:03:46]} Nb6 {[%emt 0:00:23]} 16. a3 {[%emt 0:00:56]} g5 {[%emt 0:02:53]} 17. h3 {[%emt 0:05:31]} Be7 {[%emt 0:00:15]} 18. Rae1 {[%emt 0:02:59]} Kd7 {[%emt 0:02:58]} 19. Kd1 {[%emt 0:00:34]} Rh6 {[%emt 0:02:12]} 20. Bf1 {[%emt 0:00:18]} Rf6 {[%emt 0:04:57]} 21. Re2 {[%emt 0:03:03]} Nc4 {[%emt 0:03:03]} 22. Bc3 {[%emt 0:01:27]} b4 {[%emt 0:01:50]} 23. Bxb4 {[%emt 0:04:50]} Bxb4 {[%emt 0:01:00]} 24. axb4 {[%emt 0:00:02]} Ra1+ {[%emt 0:00:15]} 25. Kc2 {[%emt 0:00:01]} Nxe3+ {[%emt 0:00:36]} 26. fxe3 {[%emt 0:00:02]} Rfxf1 {[%emt 0:00:20]} 27. Rxf1 {[%emt 0:01:02]} Rxf1 {[%emt 0:00:06]} 28. b5 {[%emt 0:02:39]} Rf3 {[%emt 0:01:43]} 29. bxc6+ {[%emt 0:02:11]} bxc6 {[%emt 0:00:08]} 30. e4 {[%emt 0:00:32]} dxe4 {[%emt 0:00:33]} 31. Rxe4 {[%emt 0:00:47]} Rxh3 {[%emt 0:00:31]} 32. Re5 {[%emt 0:03:00]} f6 {[%emt 0:00:07]} 33. Ra5 {[%emt 0:00:01]} Rg3 {[%emt 0:07:12]} 34. Ra7+ {[%emt 0:01:03]} Ke6 {[%emt 0:00:04]} 35. Rxg7 {[%emt 0:00:13]} Rxg4 {[%emt 0:00:05]} 36. Kd3 {[%emt 0:00:36]} Rg3+ {[%emt 0:01:52]} 37. Kc4 {[%emt 0:00:08]} g4 {[%emt 0:01:30]} 38. b4 {[%emt 0:02:46]} Rg1 {[%emt 0:00:30]} 39. Kd3 {[%emt 0:00:39]} f5 {[%emt 0:00:32]} 40. Rg8 {[%emt 0:00:00]} g3 {[%emt 0:00:00]} 41. Ke3 {[%emt 0:03:50]} Rf1 {[%emt 0:04:09]} 42. Kd3 {[%emt 0:08:59]} Rf3+ {[%emt 0:02:10]} 43. Kc4 {[%emt 0:00:27]} f4 {[%emt 0:00:06]} 0-1

[Event "POL-chT DMP Ekstraliga 2019"]
[Site "Katowice"]
[Date "2019.09.02"]
[Round "6.23"]
[White "Plat, Vojtech"]
[Black "Wieczorek, Oskar"]
[Result "1-0"]
[WhiteElo "2561"]
[BlackElo "2497"]
[Annotator "RC"]
[PlyCount "161"]
[EventDate "2019.08.28"]
[EventType "team-tourn"]
[EventCountry "POL"]
[SourceTitle "playchess.com"]
[Source "ChessBase"]
[SourceQuality "1"]
[TimeControl "40/5400+30:1800+30"]

1. e4 {[%emt 0:00:00]} e6 {[%emt 0:00:00]} 2. d3 {[%emt 0:00:00]} c5 {[%emt 0:00:10]} 3. g3 {[%emt 0:00:04]} Nc6 {[%emt 0:00:32]} 4. Bg2 {[%emt 0:00:06]} d5 {[%emt 0:00:09]} 5. exd5 {[%emt 0:00:35]} exd5 {[%emt 0:00:08]} 6. Ne2 {[%emt 0:00:04]} Nf6 {[%emt 0:01:47]} 7. O-O {[%emt 0:00:13]} Be7 {[%emt 0:01:19]} 8. Bg5 {[%emt 0:04:25]} O-O {[%emt 0:02:02]} 9. Nf4 {[%emt 0:02:49]} Bg4 {[%emt 0:18:17]} 10. Qc1 {[%emt 0:01:24]} d4 {[%emt 0:20:40]} 11. Nd2 {[%emt 0:04:19]} h6 {[%emt 0:03:45]} 12. Bxf6 {[%emt 0:00:06]} Bxf6 {[%emt 0:00:06]} 13. h3 {[%emt 0:06:06]} Bd7 {[%emt 0:02:41]} 14. Nc4 {[%emt 0:06:12]} Rb8 {[%emt 0:05:06]} 15. Re1 {[%emt 0:04:10]} Re8 {[%emt 0:08:45]} 16. Rxe8+ {[%emt 0:01:43]} Bxe8 {[%emt 0:01:21]} 17. Qd1 {[%emt 0:00:22]} b5 {[%emt 0:04:26]} 18. Nd2 {[%emt 0:00:05]} Be5 {[%emt 0:01:58]} 19. Nd5 {[%emt 0:01:11]} Nb4 {[%emt 0:06:24]} 20. Qe2 {[%emt 0:02:06]} Bd6 {[%emt 0:01:09]} 21. Nxb4 {[%emt 0:00:09]} cxb4 {[%emt 0:00:03]} 22. Re1 {[%emt 0:01:51]} Bf8 {[%emt 0:02:45]} 23. Nb3 {[%emt 0:05:34]} g6 {[%emt 0:06:37]} 24. h4 {[%emt 0:23:05]} Qd6 {[%emt 0:04:45]} 25. Qe5 {[%emt 0:04:16]} Qxe5 {[%emt 0:01:11]} 26. Rxe5 {[%emt 0:00:01]} Rc8 {[%emt 0:04:16]} 27. Bh3 {[%emt 0:05:29]} Rd8 {[%emt 0:01:57]} 28. Na5 {[%emt 0:00:45]} Bd6 {[%emt 0:00:45]} 29. Re2 {[%emt 0:01:44]} Bc7 {[%emt 0:00:32]} 30. Nb7 {[%emt 0:00:07]} Rb8 {[%emt 0:00:14]} 31. Nc5 {[%emt 0:00:05]} Bd6 {[%emt 0:01:03]} 32. Nb3 {[%emt 0:01:25]} Bf8 {[%emt 0:00:13]} 33. h5 {[%emt 0:01:17]} gxh5 {[%emt 0:00:43]} 34. Re5 {[%emt 0:02:08]} Rd8 {[%emt 0:00:32]} 35. Rxh5 {[%emt 0:01:16]} Bc6 {[%emt 0:00:34]} 36. Bg2 {[%emt 0:02:50]} Be8 {[%emt 0:00:08]} 37. Re5 {[%emt 0:00:53]} Rc8 {[%emt 0:00:24]} 38. Bh3 {[%emt 0:00:26]} Rd8 {[%emt 0:00:36]} 39. Re4 {[%emt 0:02:28]} Bg7 {[%emt 0:00:55]} 40. Re7 {[%emt 0:00:00]} a6 {[%emt 0:00:00]} 41. Ra7 {[%emt 0:01:52]} Bc6 {[%emt 0:01:58]} 42. Rxa6 {[%emt 0:05:19]} Bf3 {[%emt 0:00:01]} 43. Bg2 {[%emt 0:03:06]} Bd1 {[%emt 0:00:05]} 44. Rc6 {[%emt 0:00:05]} f5 {[%emt 0:02:06]} 45. Nc5 {[%emt 0:01:30]} Be5 {[%emt 0:02:45]} 46. f4 {[%emt 0:01:27]} Bg7 {[%emt 0:01:06]} 47. Kf2 {[%emt 0:02:06]} Re8 {[%emt 0:00:15]} 48. Bd5+ {[%emt 0:00:06]} Kh8 {[%emt 0:00:08]} 49. Ne6 {[%emt 0:00:05]} Bf6 {[%emt 0:00:35]} 50. Bf3 {[%emt 0:07:49]} Bxf3 {[%emt 0:00:10]} 51. Kxf3 {[%emt 0:00:01]} Ra8 {[%emt 0:00:43]} 52. Nc7 {[%emt 0:03:58]} Rc8 {[%emt 0:00:05]} 53. Rxf6 {[%emt 0:00:03]} Rxc7 {[%emt 0:00:05]} 54. Rxf5 {[%emt 0:00:13]} Rxc2 {[%emt 0:00:06]} 55. b3 {[%emt 0:01:53]} Rxa2 {[%emt 0:00:45]} 56. Rxb5 {[%emt 0:00:02]} Rd2 {[%emt 0:00:19]} 57. Ke4 {[%emt 0:00:08]} Rg2 {[%emt 0:00:03]} 58. Rxb4 {[%emt 0:00:05]} Rxg3 {[%emt 0:00:02]} 59. Rxd4 {[%emt 0:00:06]} Kg7 {[%emt 0:00:13]} 60. Rd7+ {[%emt 0:00:59]} Kf6 {[%emt 0:00:15]} 61. Rd6+ {[%emt 0:00:04]} Kg7 {[%emt 0:00:06]} 62. b4 {[%emt 0:00:32]} Rg1 {[%emt 0:01:01]} 63. b5 {[%emt 0:00:07]} Rb1 {[%emt 0:00:06]} 64. b6 {[%emt 0:00:03]} h5 {[%emt 0:00:04]} 65. Kf5 {[%emt 0:01:06]} Rb5+ {[%emt 0:00:09]} 66. Ke4 {[%emt 0:04:34]} h4 {[%emt 0:01:29]} 67. Kf3 {[%emt 0:00:09]} Rb4 {[%emt 0:01:02]} 68. f5 {[%emt 0:04:37]} Kf7 {[%emt 0:00:54]} 69. Kg2 {[%emt 0:01:43]} Ke7 {[%emt 0:03:41]} 70. Rh6 {[%emt 0:00:57]} Kf7 {[%emt 0:00:19]} 71. Kh3 {[%emt 0:00:53]} Kg7 {[%emt 0:02:35]} 72. Rd6 {[%emt 0:00:05]} Kf7 {[%emt 0:01:52]} 73. f6 {[%emt 0:00:23]} Rf4 {[%emt 0:01:07]} 74. d4 {[%emt 0:00:05]} Kg6 {[%emt 0:00:48]} 75. Rd8 {[%emt 0:01:52]} Rf3+ {[%emt 0:00:21]} 76. Kxh4 {[%emt 0:00:03]} Rb3 {[%emt 0:00:04]} 77. Rd6 {[%emt 0:00:07]} Kf7 {[%emt 0:00:03]} 78. Kg4 {[%emt 0:00:08]} Kg6 {[%emt 0:00:03]} 79. Kf4 {[%emt 0:00:05]} Kf7 {[%emt 0:00:04]} 80. Ke4 {[%emt 0:00:06]} Rb5 {[%emt 0:00:07]} 81. Kd3 {[%emt 0:00:07]} 1-0

[Event "POL-chT DMP Ekstraliga 2019"]
[Site "Katowice"]
[Date "2019.09.02"]
[Round "6.24"]
[White "Zawadzka, Jolanta"]
[Black "Majdan, Joanna"]
[Result "1-0"]
[WhiteElo "2407"]
[BlackElo "2368"]
[Annotator "NA"]
[PlyCount "97"]
[EventDate "2019.08.28"]
[EventType "team-tourn"]
[EventCountry "POL"]
[SourceTitle "playchess.com"]
[Source "ChessBase"]
[SourceQuality "1"]
[TimeControl "40/5400+30:1800+30"]

1. e4 {[%emt 0:00:00]} c5 {[%emt 0:00:00]} 2. Nf3 {[%emt 0:00:00]} d6 {[%emt 0:00:00]} 3. d4 {[%emt 0:00:00]} cxd4 {[%emt 0:00:00]} 4. Nxd4 {[%emt 0:00:00]} Nf6 {[%emt 0:00:01]} 5. Nc3 {[%emt 0:00:02]} Bd7 {[%emt 0:00:11]} 6. Bg5 {[%emt 0:00:57]} e6 {[%emt 0:00:06]} 7. Ndb5 {[%emt 0:00:54]} Bc6 {[%emt 0:00:08]} 8. Bxf6 {[%emt 0:00:38]} gxf6 {[%emt 0:00:06]} 9. Qh5 {[%emt 0:00:44]} a6 {[%emt 0:00:05]} 10. Nd4 {[%emt 0:00:15]} Bd7 {[%emt 0:00:07]} 11. O-O-O {[%emt 0:01:32]} Nc6 {[%emt 0:03:49]} 12. Nb3 {[%emt 0:00:54]} b5 {[%emt 0:00:17]} 13. f4 {[%emt 0:13:41]} Qb6 {[%emt 0:00:49]} 14. f5 {[%emt 0:15:47]} Qe3+ {[%emt 0:00:27]} 15. Kb1 {[%emt 0:00:17]} Qg5 {[%emt 0:00:05]} 16. Qe2 {[%emt 0:05:21]} Ne5 {[%emt 0:03:14]} 17. a3 {[%emt 0:07:32]} Be7 {[%emt 0:03:09]} 18. g3 {[%emt 0:03:53]} Qh6 {[%emt 0:07:17]} 19. h4 {[%emt 0:14:02]} Rg8 {[%emt 0:03:17]} 20. Rg1 {[%emt 0:00:39]} Rc8 {[%emt 0:06:26]} 21. Bh3 {[%emt 0:02:49]} Nc4 {[%emt 0:07:55]} 22. fxe6 {[%emt 0:01:17]} fxe6 {[%emt 0:04:14]} 23. Na2 {[%emt 0:00:17]} Qe3 {[%emt 0:04:27]} 24. Qg2 {[%emt 0:05:56]} Qh6 {[%emt 0:03:01]} 25. Nd4 {[%emt 0:02:26]} Qh5 {[%emt 0:00:31]} 26. Rde1 {[%emt 0:05:08]} Bd8 {[%emt 0:12:22]} 27. c3 {[%emt 0:04:04]} Bb6 {[%emt 0:00:45]} 28. Nb4 {[%emt 0:07:02]} a5 {[%emt 0:03:18]} 29. Nbc2 {[%emt 0:00:43]} Ke7 {[%emt 0:03:28]} 30. Rgf1 {[%emt 0:00:46]} Qe5 {[%emt 0:02:19]} 31. g4 {[%emt 0:00:42]} b4 {[%emt 0:03:00]} 32. Nf3 {[%emt 0:02:53]} Qb5 {[%emt 0:01:10]} 33. cxb4 {[%emt 0:02:16]} axb4 {[%emt 0:00:05]} 34. Nxb4 {[%emt 0:00:22]} Ne3 {[%emt 0:01:39]} 35. Qd2 {[%emt 0:00:27]} Nxf1 {[%emt 0:02:09]} 36. Bxf1 {[%emt 0:00:04]} Qc5 {[%emt 0:01:37]} 37. Qh6 {[%emt 0:00:25]} Rxg4 {[%emt 0:05:04]} 38. Qxh7+ {[%emt 0:00:10]} Kd8 {[%emt 0:00:23]} 39. Qh8+ {[%emt 0:01:53]} Ke7 {[%emt 0:00:11]} 40. Qh7+ {[%emt 0:00:00]} Kd8 {[%emt 0:00:00]} 41. Bh3 {[%emt 0:11:25]} Rg3 {[%emt 0:04:08]} 42. Nd5 {[%emt 0:01:34]} Rc6 {[%emt 0:06:28]} 43. Qh8+ {[%emt 0:03:09]} Be8 {[%emt 0:00:03]} 44. Qxf6+ {[%emt 0:00:18]} Kc8 {[%emt 0:00:02]} 45. Bxe6+ {[%emt 0:01:52]} Kb7 {[%emt 0:01:30]} 46. Qe7+ {[%emt 0:00:55]} Bc7 {[%emt 0:00:38]} 47. Qxe8 {[%emt 0:01:36]} Rxf3 {[%emt 0:06:51]} 48. Nb4 {[%emt 0:03:55]} Re3 {[%emt 0:04:25]} 49. Rxe3 {[%emt 0:01:11]} 1-0

[Event "POL-chT DMP Ekstraliga 2019"]
[Site "Katowice"]
[Date "2019.09.02"]
[Round "6.25"]
[White "Tomczak, Jacek"]
[Black "Matuszewski, Michal"]
[Result "1-0"]
[WhiteElo "2628"]
[BlackElo "2518"]
[Annotator "TA"]
[PlyCount "27"]
[EventDate "2019.08.28"]
[EventType "team-tourn"]
[EventCountry "POL"]
[SourceTitle "playchess.com"]
[Source "ChessBase"]
[SourceQuality "1"]

{[%evp 9,27,7,26,17,12,0,9,0,0,0,0,0,0,-25,-16,-105,-117,-95,-109,-114]} 1. e4 c5 2. Nf3 a6 3. c3 g6 4. d4 cxd4 5. Qxd4 Nf6 6. e5 {B28: Sicilian: 2 Nf3 a6 (O'Kelly Variation)} Nc6 7. Qa4 (7. Qh4 Nd5 8. Bc4 e6 9. Bg5 Be7 10. Bxd5 exd5 11. Bxe7 Qxe7 12. Qxe7+ Kxe7 13. Nbd2 {1-0 (40) Movsesian,S (2647)-Kurajica,B (2540) Sarajevo 2004}) 7... Nd5 8. Qe4 {The position is equal.} Nc7 9. Bf4 $146 ({Predecessor:} 9. Bc4 b5 10. Bb3 Bg7 11. h4 Na5 12. h5 Bb7 13. Bxf7+ Kxf7 14. hxg6+ {1-0 (48) Burg,T (2422)-Trkulja,G (2323) Vienna 2009}) 9... Bg7 10. Na3 O-O 11. O-O-O Ne6 12. Be3 {[#]} (12. Bg3 $11) 12... b5 $1 $17 13. h4 {[#] Strongly threatening h5.} h5 $1 14. Nc2 {[%mdl 32768] Loss on time!?} 1-0

[Event "POL-chT DMP Ekstraliga 2019"]
[Site "Katowice"]
[Date "2019.09.02"]
[Round "6.26"]
[White "Leniart, Arkadiusz"]
[Black "Czarnota, Pawel"]
[Result "1-0"]
[WhiteElo "2488"]
[BlackElo "2532"]
[Annotator "ChessBase"]
[PlyCount "69"]
[EventDate "2019.08.28"]
[EventType "team-tourn"]
[EventCountry "POL"]
[SourceTitle "playchess.com"]
[Source "ChessBase"]
[SourceQuality "1"]
[TimeControl "40/5400+30:1800+30"]

1. d4 {[%emt 0:00:00]} Nf6 {[%emt 0:00:00]} 2. c4 {[%emt 0:00:00]} g6 {[%emt 0:00:00]} 3. Nc3 {[%emt 0:00:00]} Bg7 {[%emt 0:00:00]} 4. Nf3 {[%emt 0:00:02]} O-O {[%emt 0:00:37]} 5. g3 {[%emt 0:00:19]} d6 {[%emt 0:01:08]} 6. Bg2 {[%emt 0:00:13]} Nc6 {[%emt 0:02:48]} 7. O-O {[%emt 0:01:44]} Bg4 {[%emt 0:00:16]} 8. h3 {[%emt 0:01:00]} Bxf3 {[%emt 0:00:14]} 9. Bxf3 {[%emt 0:00:05]} Nd7 {[%emt 0:00:14]} 10. e3 {[%emt 0:13:02]} e5 {[%emt 0:00:37]} 11. d5 {[%emt 0:00:04]} Ne7 {[%emt 0:00:20]} 12. e4 {[%emt 0:00:04]} f5 {[%emt 0:00:31]} 13. Kg2 {[%emt 0:00:04]} Nf6 {[%emt 0:02:53]} 14. Rb1 {[%emt 0:02:07]} f4 {[%emt 0:05:21]} 15. h4 {[%emt 0:03:51]} h5 {[%emt 0:01:15]} 16. b4 {[%emt 0:08:09]} Bh6 {[%emt 0:02:16]} 17. c5 {[%emt 0:02:19]} Kh7 {[%emt 0:00:20]} 18. Ne2 {[%emt 0:24:38]} Qd7 {[%emt 0:14:24]} 19. Rb3 {[%emt 0:12:38]} Ng4 {[%emt 0:07:20]} 20. gxf4 {[%emt 0:07:01]} Ng8 {[%emt 0:29:39]} 21. Bxg4 {[%emt 0:11:20]} Qxg4+ {[%emt 0:00:11]} 22. Rg3 {[%emt 0:00:07]} Qxh4 {[%emt 0:00:41]} 23. Rh1 {[%emt 0:00:32]} Qf6 {[%emt 0:00:08]} 24. f5 {[%emt 0:03:42]} gxf5 {[%emt 0:01:01]} 25. f4 {[%emt 0:03:36]} h4 {[%emt 0:02:56]} 26. Rgh3 {[%emt 0:02:18]} exf4 {[%emt 0:06:53]} 27. Nxf4 {[%emt 0:01:22]} fxe4 {[%emt 0:00:33]} 28. Rxh4 {[%emt 0:00:31]} Rf7 {[%emt 0:02:52]} 29. Qe2 {[%emt 0:01:41]} Rg7+ {[%emt 0:05:04]} 30. Kf1 {[%emt 0:00:22]} Re7 {[%emt 0:02:43]} 31. Bb2 {[%emt 0:01:04]} Qg5 {[%emt 0:03:36]} 32. Rg4 {[%emt 0:00:39]} Qf5 {[%emt 0:00:24]} 33. Qg2 {[%emt 0:00:16]} Qf8 {[%emt 0:02:52]} 34. Ke1 {[%emt 0:00:20]} e3 {[%emt 0:00:51]} 35. Qc2+ {[%emt 0:00:29]} 1-0

[Event "POL-chT DMP Ekstraliga 2019"]
[Site "Katowice"]
[Date "2019.09.02"]
[Round "6.27"]
[White "Olszewski, Michal"]
[Black "Druska, Juraj"]
[Result "1-0"]
[WhiteElo "2522"]
[BlackElo "2460"]
[Annotator "ChessBase"]
[PlyCount "123"]
[EventDate "2019.08.28"]
[EventType "team-tourn"]
[EventCountry "POL"]
[SourceTitle "playchess.com"]
[Source "ChessBase"]
[SourceQuality "1"]
[TimeControl "40/5400+30:1800+30"]

1. e4 {[%emt 0:00:00]} e6 {[%emt 0:00:00]} 2. d4 {[%emt 0:00:00]} d5 {[%emt 0:00:00]} 3. Nc3 {[%emt 0:00:00]} Nf6 {[%emt 0:00:15]} 4. e5 {[%emt 0:00:01]} Nfd7 {[%emt 0:00:06]} 5. Nce2 {[%emt 0:00:05]} c5 {[%emt 0:00:04]} 6. c3 {[%emt 0:00:04]} Nc6 {[%emt 0:00:09]} 7. Nf3 {[%emt 0:00:07]} Be7 {[%emt 0:02:18]} 8. Nf4 {[%emt 0:12:58]} Qa5 {[%emt 0:00:27]} 9. a3 {[%emt 0:02:41]} Nxd4 {[%emt 0:01:24]} 10. Nxd4 {[%emt 0:07:37]} cxd4 {[%emt 0:00:05]} 11. Qxd4 {[%emt 0:11:40]} Bc5 {[%emt 0:10:31]} 12. Qd2 {[%emt 0:05:58]} Qc7 {[%emt 0:01:18]} 13. Nd3 {[%emt 0:00:15]} Nxe5 {[%emt 0:01:15]} 14. Nxc5 {[%emt 0:00:09]} Qxc5 {[%emt 0:00:06]} 15. Qg5 {[%emt 0:01:50]} Ng6 {[%emt 0:00:11]} 16. Be3 {[%emt 0:05:54]} Qe7 {[%emt 0:02:43]} 17. Qg3 {[%emt 0:00:11]} O-O {[%emt 0:01:09]} 18. O-O-O {[%emt 0:02:58]} Qh4 {[%emt 0:34:05]} 19. Qxh4 {[%emt 0:01:50]} Nxh4 {[%emt 0:01:19]} 20. Bc5 {[%emt 0:00:05]} Bd7 {[%emt 0:01:43]} 21. Bxf8 {[%emt 0:00:30]} Kxf8 {[%emt 0:00:13]} 22. g3 {[%emt 0:17:15]} Nf5 {[%emt 0:00:49]} 23. Bd3 {[%emt 0:01:08]} Nd6 {[%emt 0:00:51]} 24. Rhe1 {[%emt 0:00:12]} h5 {[%emt 0:02:42]} 25. Bc2 {[%emt 0:01:29]} Rc8 {[%emt 0:02:07]} 26. Rd4 {[%emt 0:03:57]} a5 {[%emt 0:13:14]} 27. a4 {[%emt 0:01:59]} g6 {[%emt 0:01:04]} 28. Bd3 {[%emt 0:01:05]} Bc6 {[%emt 0:08:43]} 29. b3 {[%emt 0:03:00]} Ke7 {[%emt 0:01:54]} 30. Kb2 {[%emt 0:05:18]} Kf6 {[%emt 0:00:07]} 31. Rf4+ {[%emt 0:00:30]} Ke7 {[%emt 0:00:24]} 32. c4 {[%emt 0:02:26]} dxc4 {[%emt 0:11:52]} 33. Bxc4 {[%emt 0:00:08]} g5 {[%emt 0:00:48]} 34. Rd4 {[%emt 0:00:10]} Nf5 {[%emt 0:01:20]} 35. Rd2 {[%emt 0:00:44]} h4 {[%emt 0:01:33]} 36. g4 {[%emt 0:04:18]} Nh6 {[%emt 0:00:11]} 37. h3 {[%emt 0:00:38]} Kf6 {[%emt 0:00:25]} 38. Rd4 {[%emt 0:02:00]} Ng8 {[%emt 0:00:48]} 39. f4 {[%emt 0:00:37]} Ne7 {[%emt 0:00:28]} 40. fxg5+ {[%emt 0:00:00]} Kxg5 {[%emt 0:00:00]} 41. Re5+ {[%emt 0:05:26]} Kf6 {[%emt 0:03:03]} 42. Rxa5 {[%emt 0:00:07]} Ng6 {[%emt 0:01:57]} 43. Rd2 {[%emt 0:22:07]} Kg7 {[%emt 0:11:41]} 44. Rf2 {[%emt 0:03:09]} Rd8 {[%emt 0:00:20]} 45. Rc5 {[%emt 0:00:14]} Rd4 {[%emt 0:02:14]} 46. a5 {[%emt 0:00:41]} Be4 {[%emt 0:01:57]} 47. Rc7 {[%emt 0:01:46]} Ne5 {[%emt 0:00:06]} 48. Bxe6 {[%emt 0:01:10]} Rd1 {[%emt 0:01:09]} 49. Bc4 {[%emt 0:00:42]} Bg6 {[%emt 0:04:56]} 50. Ka3 {[%emt 0:04:40]} Ra1+ {[%emt 0:03:00]} 51. Kb4 {[%emt 0:00:43]} Be4 {[%emt 0:01:21]} 52. Kb5 {[%emt 0:01:43]} Rb1 {[%emt 0:04:05]} 53. Bxf7 {[%emt 0:01:08]} Kh6 {[%emt 0:00:21]} 54. g5+ {[%emt 0:00:55]} Kxg5 {[%emt 0:00:53]} 55. Rc5 {[%emt 0:00:06]} Bd3+ {[%emt 0:01:00]} 56. Kb6 {[%emt 0:00:22]} Re1 {[%emt 0:00:01]} 57. Kxb7 {[%emt 0:00:33]} Kh6 {[%emt 0:00:01]} 58. Bd5 {[%emt 0:00:40]} Bg6 {[%emt 0:01:12]} 59. Rf6 {[%emt 0:00:42]} Nd7 {[%emt 0:00:03]} 60. Rxg6+ {[%emt 0:00:10]} Kxg6 {[%emt 0:00:03]} 61. Rc6+ {[%emt 0:00:19]} Kf5 {[%emt 0:00:46]} 62. a6 {[%emt 0:00:51]} 1-0

[Event "POL-chT DMP Ekstraliga 2019"]
[Site "Katowice"]
[Date "2019.09.02"]
[Round "6.28"]
[White "Kaczmarek, Aleksander"]
[Black "Warakomski, Tomasz"]
[Result "0-1"]
[WhiteElo "2389"]
[BlackElo "2497"]
[Annotator "ChessBase"]
[PlyCount "119"]
[EventDate "2019.08.28"]
[EventType "team-tourn"]
[EventCountry "POL"]
[SourceTitle "playchess.com"]
[Source "ChessBase"]
[SourceQuality "1"]
[TimeControl "40/5400+30:1800+30"]

1. e4 {[%emt 0:00:00]} c5 {[%emt 0:00:00]} 2. Nf3 {[%emt 0:00:00]} Nc6 {[%emt 0:00:00]} 3. d4 {[%emt 0:00:00]} cxd4 {[%emt 0:00:00]} 4. Nxd4 {[%emt 0:00:00]} Nf6 {[%emt 0:00:00]} 5. Nc3 {[%emt 0:00:00]} d6 {[%emt 0:00:05]} 6. Nb3 {[%emt 0:00:00]} g6 {[%emt 0:13:45]} 7. Bd3 {[%emt 0:00:28]} Bg7 {[%emt 0:00:05]} 8. O-O {[%emt 0:00:06]} O-O {[%emt 0:09:15]} 9. f4 {[%emt 0:03:20]} b5 {[%emt 0:00:35]} 10. Nxb5 {[%emt 0:15:50]} Qb6+ {[%emt 0:02:26]} 11. Kh1 {[%emt 0:00:38]} Nxe4 {[%emt 0:01:00]} 12. Bxe4 {[%emt 0:01:08]} Qxb5 {[%emt 0:00:21]} 13. a4 {[%emt 0:03:08]} Qa6 {[%emt 0:01:58]} 14. Be3 {[%emt 0:03:59]} Bxb2 {[%emt 0:14:27]} 15. Rb1 {[%emt 0:03:40]} Bg7 {[%emt 0:00:23]} 16. Qd5 {[%emt 0:08:55]} Bb7 {[%emt 0:01:58]} 17. Nd2 {[%emt 0:04:02]} e6 {[%emt 0:18:13]} 18. Qxd6 {[%emt 0:10:46]} Rad8 {[%emt 0:01:35]} 19. Qc5 {[%emt 0:07:42]} Ba8 {[%emt 0:01:54]} 20. Bd3 {[%emt 0:08:18]} Qxa4 {[%emt 0:04:29]} 21. Bb5 {[%emt 0:03:42]} Qa5 {[%emt 0:00:05]} 22. Bxc6 {[%emt 0:12:06]} Qxc5 {[%emt 0:00:05]} 23. Bxc5 {[%emt 0:00:04]} Bxc6 {[%emt 0:00:04]} 24. Bxf8 {[%emt 0:00:13]} Kxf8 {[%emt 0:00:42]} 25. Nf3 {[%emt 0:01:26]} a5 {[%emt 0:03:39]} 26. Rb6 {[%emt 0:04:57]} Bxf3 {[%emt 0:13:10]} 27. gxf3 {[%emt 0:00:05]} Bh6 {[%emt 0:00:02]} 28. c4 {[%emt 0:03:00]} Bxf4 {[%emt 0:02:21]} 29. Rb2 {[%emt 0:00:14]} Ke7 {[%emt 0:02:09]} 30. Rc2 {[%emt 0:00:23]} Rd3 {[%emt 0:01:46]} 31. Ra1 {[%emt 0:01:42]} Bc7 {[%emt 0:00:05]} 32. Kg2 {[%emt 0:00:09]} Kd7 {[%emt 0:00:18]} 33. Kf2 {[%emt 0:03:20]} Kc6 {[%emt 0:00:05]} 34. Ke2 {[%emt 0:00:12]} Rd4 {[%emt 0:00:03]} 35. Rb1 {[%emt 0:02:06]} Rh4 {[%emt 0:00:47]} 36. Kd3 {[%emt 0:00:24]} h5 {[%emt 0:00:16]} 37. Rb5 {[%emt 0:01:03]} Rh3 {[%emt 0:01:31]} 38. Ke3 {[%emt 0:00:24]} Bb6+ {[%emt 0:01:02]} 39. Kf4 {[%emt 0:00:44]} f6 {[%emt 0:00:28]} 40. Ke4 {[%emt 0:00:00]} g5 {[%emt 0:00:00]} 41. Re2 {[%emt 0:12:21]} Bc7 {[%emt 0:03:17]} 42. Kd4 {[%emt 0:01:39]} Rh4+ {[%emt 0:01:05]} 43. Kd3 {[%emt 0:02:42]} e5 {[%emt 0:00:12]} 44. Rbb2 {[%emt 0:01:12]} Rd4+ {[%emt 0:00:38]} 45. Ke3 {[%emt 0:02:09]} Bb6 {[%emt 0:00:32]} 46. Rec2 {[%emt 0:00:11]} a4 {[%emt 0:05:38]} 47. Ra2 {[%emt 0:01:44]} Bc5 {[%emt 0:00:10]} 48. Ke2 {[%emt 0:03:41]} a3 {[%emt 0:00:05]} 49. Ra1 {[%emt 0:00:06]} Rh4 {[%emt 0:00:15]} 50. Kd3 {[%emt 0:00:54]} e4+ {[%emt 0:00:33]} 51. fxe4 {[%emt 0:01:32]} Rh3+ {[%emt 0:00:06]} 52. Kd2 {[%emt 0:00:13]} Rxh2+ {[%emt 0:00:04]} 53. Kd3 {[%emt 0:00:02]} Rh3+ {[%emt 0:00:05]} 54. Kd2 {[%emt 0:00:04]} Bd4 {[%emt 0:00:16]} 55. Raa2 {[%emt 0:02:59]} Kc5 {[%emt 0:00:34]} 56. Kd1 {[%emt 0:00:53]} Rh1+ {[%emt 0:00:10]} 57. Ke2 {[%emt 0:00:10]} Rh2+ {[%emt 0:00:18]} 58. Kd1 {[%emt 0:00:36]} Rxc2 {[%emt 0:00:17]} 59. Kxc2 {[%emt 0:00:15]} Bb2 {[%emt 0:00:05]} 60. Kd3 {[%emt 0:00:11]} 0-1